Tom Cruise - Sudden Death - Statistics

General Stats
  • This quiz has been taken 1,937 times
  • The average score is 13 of 19
Answers on the Grid
Answers color-coded by a green-red scale on the quiz's grid according to % correct below.
Splash
Minority Report
Cocktail
After Earth
The Firm
Valkyrie
National Treasure
Mission Impossible
Days of Thunder
Big
Magnolia
The Last Samurai
Ladyhawke
Risky Business
A Few Good Men
Eyes Wide Shut
Speed
Regarding Henry
Top Gun
Collateral
Vanilla Sky
Rain Man
The Client
Spinal Tap
War of the Worlds
Jerry Maguire
Tropical Thunder
The Devil’s Own
Air America
American Made
 
Answer Stats
Answer % Correct
Mission Impossible
93%
Top Gun
90%
Minority Report
80%
Jerry Maguire
76%
Rain Man
75%
The Last Samurai
74%
Eyes Wide Shut
73%
Vanilla Sky
72%
A Few Good Men
71%
Valkyrie
67%
Cocktail
65%
War of the Worlds
65%
Risky Business
62%
Days of Thunder
61%
The Firm
59%
Magnolia
55%
Collateral
54%
Tropical Thunder
50%
American Made
36%
No matching quizzes found
Score Distribution
Percent of People with Each Score
Percentile by Number Answered
Your Score History
You have not taken this quiz